LEADER 01073nam a2200241 4500 001 000000364510 003 CaOOAMICUS 005 20250929090436.0 008 250929s2025 it 000 u ita r 020 $a979-12-5962-687-5 040 $aSeMil$bita 100 1 $aTamanti, Roberto,$c.$0(OLS)http://semarc/name/75475 245 10$aChi sono io? :$bchiesa e mosessualitą: un pensiero critico /$cRoberto Tamanti. 264 1$aSiena :$bCantagalli,$c2025. 300 $a262 p. ;$c21 cm 650 4$aOmosessualitą - Atteggiamento [della] Chiesa cattolica.$0(OLS)http://semarc/subject/7370 850 $aSeMil 852 $aSeMil$W1$xVenegono$y1$m2E IV 145$j262429$B255372$CSeMilBibl$Z2$F255372 $81 961 $aIn omaggio per recensione su La scuola cattolica 996 $6020$a979-12-5962-687-5$9(OLS)http://semarc/number/304221 996 $6245$aChi sono io? :$bchiesa e mosessualitą: un pensiero critico$9(OLS)http://semarc/title/455907 996 $6264$aSiena :$bCantagalli$9(OLS)http://semarc/publisher/29767 LEADER 01066nas a2200229 i 4500 001 000000138025 003 CaOOAMICUS 005 20050426000000.0 008 050426b2005 it uu u0 0ita r 013 $a111920 040 $aSeMil$bita 245 10$aAnnuario Accademico 2004-2005. 260 $aMilano :$bGlossa,$cstampa 2005. 300 $a270 p. ;$c19 cm. 500 $aA pič del front. : Facoltą Teologica dell'Italia Settentrionale. - Contiene : Sommario delle Tesi discusse nell'Anno Accademico 2003-2004 ; Annuario Accademico 2004-2005 [del] Centro Studi di Spiritualitą. 773 0 $tAnnuario Accademico [della] Facoltą Teologica dell'Italia Settentrionale.$dMilano : [s.n.], 1969-     .$w()1862 774 0 $t[vedi periodico].$w()267394 850 $aSeMil 852 $aSeMil$W1$xVenegono$y1$m249 3 44$j91536$B91536$CSeMilBibl$Z2$F96487 $85 961 $aOmaggio: Facoltą Teologica di Milano 996 $6245$aAnnuario Accademico 2004-2005$9(OLS)http://semarc/title/201708 996 $6260$aMilano :$bGlossa$9(OLS)http://semarc/publisher/29635